| 000 | 00631nab a2200229 a 4500 | ||
|---|---|---|---|
| 001 | 70242 | ||
| 003 | 144212 | ||
| 005 | 20201118110753.0 | ||
| 008 | ||||||n9999 ||| || || | ||
| 041 | _aspa | ||
| 100 | _aMoreno Espinosa, Roberto | ||
| 245 | 0 |
_aCuatro teoricos de la accion gubernamental : _bpp.19-39 |
|
| 260 |
_aMéxico : _bUAEM, _c1986. |
||
| 300 | _app.19-39 | ||
| 562 | _e0 | ||
| 650 | _aADMINISTRACION ESTATAL | ||
| 650 | _aADMINISTRACIÓN PÚBLICA--TEORÍAS | ||
| 650 | _aANÁLISIS HISTÓRICO | ||
| 650 | _aCOMPENDIO DE LECTURAS | ||
| 773 |
_067573 _aAdministracion y politica 12-13 |
||
| 942 | _cANADO | ||
| 999 |
_c70242 _d70242 |
||